Statistics for Dean Martin Charting Songs (Billboard Hot 100)

Click here to take the quiz!

General Stats

  • This quiz has been taken 35 times
    (31 since last reset)
  • The average score is 5 of 28

Answer Stats

AlbumWeeks OnPeakArtist(s)Song% Correct
Everybody Loves Somebody15 Weeks#1 (1 Week)Dean MartinEverybody Loves Somebody
89%
Volare EP and This Is Dean Martin! LP13 Weeks#12Dean MartinVolare (Nel Blu Dipinto Di Blu)
82%
Houston9 Weeks#21Dean MartinHouston
39%
The Door Is Still Open to My Heart11 Weeks#6Dean MartinThe Door Is Still Open to My Heart
32%
Dino: Italian Love Songs13 Weeks#59Dean MartinOn an Evening in Roma
25%
Somewhere There's a Someone8 Weeks#32Dean MartinSomewhere There's a Someone
25%
Return to Me EP & This Is Dean Martin! LP4 Weeks#48Dean MartinReturn to Me
21%
Relax, It's Dean Martin, Vol 21 Week#45Dean MartinBaby It's Cold Outside
18%
The Door Is Still Open to My Heart7 Weeks#46Dean MartinIn The Misty Moonlight
14%
Dean Martin Hits Again7 Weeks#25Dean MartinIn the Chapel in the Moonlight
11%
A Winter Romance30 Weeks#7Dean MartinLet It Snow, Let It Snow, Let It Snow
11%
(Remember Me) I'm the One Who Loves You7 Weeks#32Dean Martin(Remember Me) I'm the One Who Loves You
11%
The Sammy Davis, Jr Show3 Weeks#94Dean Martin & Sammy Davis JrSam's Song
11%
The Door Is Still Open to My Heart9 Weeks#25Dean MartinYou're Nobody Till Somebody Loves You
11%
The Hit Sound of Dean Martin7 Weeks#35Dean MartinCome Running Back
7%
Houston10 Weeks#10Dean MartinI Will
7%
Welcome to My World6 Weeks#38Dean MartinLittle Ole Wine Drinker, Me
7%
Dean Martin Hits Again9 Weeks#22Dean MartinSend Me the Pillow You Dream On
7%
The Hit Sound of Dean Martin7 Weeks#41Dean MartinA Million and One
4%
I Take a Lot of Pride in What I Am4 Weeks#75Dean MartinI Take a Lot of Pride in What I Am
4%
Happiness is Dean Martin5 Weeks#55Dean MartinLay Some Happiness on Me
4%
Happiness is Dean Martin6 Weeks#60Dean MartinNobody's Baby Again
4%
Happiness is Dean Martin6 Weeks#55Dean Martin(Open Up The Door) Let the Good Times In
4%
Dean Martin Hits Again5 Weeks#64Dean MartinYou'll Always Be the One I Love
4%
Volare EP & This Is Dean Martin! LP6 Weeks#30Dean MartinAngel Baby
0%
Non-Album Single6 Weeks#91Dean MartinFrom The Bottom Of My Heart (Dammi, Dammi, Dammi)
0%
Gentle On My Mind9 Weeks#43Dean MartinNot Enough Indians
0%
Happiness is Dean Martin7 Weeks#60Dean MartinYou've Still Got a Place in My Heart
0%

Score Distribution

Percentile by Number Answered

Percent of People with Each Score

Your Score History

You have not taken this quiz since the last reset